Music Quiz

Random Music or Artist Quiz

Four Word Lyrics Quiz Stats

 Plays Quiz Updated Mar 6, 2012

Challenge
Share
Tweet
Embed
Score 0/28 Timer 08:00
1 Play Today
Lyric Song % Correct
Turn around, bright eyesTotal Eclipse of the Heart
53.2%
A real tough cookieHit Me With Your Best Shot
47.9%
A fiddle of goldDevil Went Down to Georgia
46.7%
Union's been on strikeLivin' on a Prayer
38.6%
Zero hour nine a.m.Rocket Man
37.1%
His best James DeanJack & Diane
34.1%
Ghouls from every tombThriller
24.9%
Glide down, over MulhollandFree Fallin'
24%
I was beat, incompleteLike a Virgin
22.7%
Old lady got mutilatedWerewolves of London
22.4%
Concrete shoes, Cyanide, T.N.TDirty Deeds Done Dirt Cheap
19.1%
Goddess on a mountainVenus
19%
Your lips are venomousPoison
17%
Valhalla, I am comingImmigrant Song
16.7%
Lyric Song % Correct
Hear your balalaikas ringingBack in the U.S.S.R.
16.4%
Only one burning desireFire
15.2%
I hear hurricanes a-blowingBad Moon Rising
14.7%
Jolt from my electrodesMonster Mash
9.8%
The King of CelluliteFat
8.8%
Another love grows coldThe Thunder Rolls
8.4%
Whipping boy done wrongThe Unforgiven
7.2%
Got a competition clutchLittle Deuce Coupe
7.1%
Little world falling apartDancing in the Dark
5.3%
Empty bottle of boozeA Boy Named Sue
4.6%
Let your balalaika singWind of Change
3.1%
Cupid shot his dartThat'll Be the Day
2.8%
Afraid of any deviationBad Reputation
1.9%
Puts on the forcepsSheep Go to Heaven
1.8%

You're not logged in!

Compare scores with friends on all Sporcle quizzes.
Join for Free
OR
Log In

You Might Also Like...

Show Comments

Extras

Top Quizzes Today


Score Distribution

Your Account Isn't Verified!

In order to create a playlist on Sporcle, you need to verify the email address you used during registration. Go to your Sporcle Settings to finish the process.

Report this User

Report this user for behavior that violates our Community Guidelines.

Details: